Progreso tecnológico en América Latina : posibilidades para superar la dependencia.

Salvato in:
Dettagli Bibliografici
Autore principale: Street, James H. (autor)
Altri autori: Dilmus D., James (autor) (autor)
Natura: Libro
Lingua:spagnolo
Soggetti:
Tags: Aggiungi Tag
Nessun Tag, puoi essere il primo ad aggiungerne!!

MARC

LEADER 00000cam^a2200000uu^4500
001 000476968
005 20250521000000.0
008 050901s1982^^^^^^^^^^^^rd^r^^000^0^spa^d
009 20260310124839.056
022 |a 968409180X 
035 |a FCE 000019854 
035 |a FCE 027432 
037 |a Acervo ITESO - Biblioteca 
041 |a spa 
082 0 4 |a 303.483  |b STRp 
100 |a Street, James H.  |e (autor) 
245 1 0 |a Progreso tecnológico en América Latina :  |b posibilidades para superar la dependencia. 
264 |a México :  |b EDAMEX,  |c 1982. 
300 |a 341 p. 
336 |a texto  |b txt  |2 rdacontenido 
337 |a sin mediación  |b n  |2 rdamedio 
338 |a volumen  |b nc  |2 rdasoporte 
596 |a Traducción de: Techological progress in Latin America : the prospects for overcoming dependency 
649 |a XX 
650 |a Desarrollo tecnológico 
650 |a Desarrollo industrial 
650 |a América Latina 
700 |a Dilmus D., James  |e (autor) 
910 |a Fondo Centro de Estudios Educativos 
920 |a Impresos - Libros 
930 |a Fondos Especiales 
905 |a 133 
901 |a ALE027432  |b IT2  |c CEE  |u 20250521 
902 |a https://opac.biblio.iteso.mx/vufind/Record/000476968